00000000nam 2200000zi 4500
0019.945553
003CaOODSP
00520250403102726
006m     o  d f      
007cr cn|||||||||
008241125t20252025onca    osb  f000 0 fre d
020 |a9780660746593
040 |aCaOODSP|bfre|erda|cCaOODSP
043 |an-cn---
0861 |aCS11-627/2025-7F-PDF
24503|aLa diversité linguistique au Canada.
264 1|a[Ottawa] : |bStatistique Canada = Statistics Canada, |c[2025]
264 4|c©2025
300 |a1 ressource en ligne (1 page non numérotée) : |billustrations
336 |atexte|btxt|2rdacontent/fre
337 |ainformatique|bc|2rdamedia/fre
338 |aressource en ligne|bcr|2rdacarrier/fre
500 |aTitre de départ.
500 |aPublié aussi en anglais sous le titre : Language diversity in Canada.
504 |aComprend des références bibliographiques.
520 |a« En 2021, 10,7 millions de personnes au Canada, soit 30 % de la population, pouvaient parler une langue non officielle. De ce nombre, 10 millions (94 %) parlaient également anglais ou français » -- Page [1].
650 6|aVariation (Linguistique)
650 6|aPréservation linguistique|zCanada|vStatistiques.
650 6|aEnquêtes linguistiques|zCanada|vStatistiques.
650 6|aMinorités linguistiques|zCanada|vStatistiques.
655 7|aStatistiques|2rvmgf
7102 |aStatistique Canada, |eorganisme de publication.
77508|tLanguage diversity in Canada.|w(CaOODSP)9.945551
85640|qPDF|s143 Ko|uhttps://publications.gc.ca/collections/collection_2025/statcan/11-627-m/11-627-m2025007-fra.pdf
8564 |qHTML|sS.O.|uhttps://www150.statcan.gc.ca/n1/pub/11-627-m/11-627-m2025007-fra.htm
986 |a11-627-M